000 00616nam a2200181 a 4500
001 000022511
005 20200930021641.0
008 101012s2000 dr c 000 0 spa d
040 _aDO-SdBNP
_bspa
_cBNPHU
082 _axxx
_bM828m
100 1 _aMorales, Alfredo A.
_916851
245 1 0 _aMinistros de Dios y de la iglesia :
_bmeditaciones de San Juan Bautista de La Salle para educadores cristianos /
_cAlfredo A. Morales.
260 _aSanto Domingo
_fCano
_c2000.
300 _a538 p. :
_bretr. ;
_c22 cm.
500 _aIncluye índice temático
500 _aIncluye notas al pie de las páginas
049 _aBNPD
999 _c22009
_d22009